000 00435nam a22001577a 4500
005 20161103160512.0
008 161103b xxu||||| |||| 00| 0 eng d
020 _a9788131716922
040 _cPK-LaUMT
082 _a005
_bINF-
245 _aInformation retrieval
_bdata structures & algorithms
_cEdit by William B. Frakes and Ricardo baeza-Yates
260 _aDelhi
_bPearson
_c1992
300 _a504 p.
546 _aEN
942 _cBK
999 _c88538
_d88538